000 00413nam a2200181Ia 4500
001 4208
005 20260306145739.0
008 260306t2003||||xx |||||||||||||| ||spa||
041 _aESP
082 _a320.01
_bF83
100 _aFreund, Julien
_eAUT
245 0 _a¿Qué es la política?
260 _c2003
300 _a197 páginas :
_c20 cm.
650 _aGEN
654 _aCDE
942 _cLIB
_dJUS
_fJUS
_2ddc
_n
999 _c4208
_d4208